Los obispos de Chile hablan: el cristiano en el mundo actual y los medios de difusión

Gorde:
Xehetasun bibliografikoak
Erakunde egilea: Secretariado General del Episcopado de Chile (Egilea)
Formatua: Liburua
Hizkuntza:gaztelania
Argitaratua: Santiago Secretariado General del Episcopado de Chile 1962
Gaiak:
Etiketak: Etiketa erantsi
Etiketarik gabe, Izan zaitez lehena erregistro honi etiketa jartzen!

MARC

LEADER 00000nam a2200000 a 4500
001 UCR1816
003 CL-VaPUC
008 971219e19620000CL |||||||||||||||||spa|d
082 0 4 |a 240  |b SEC  |2 21 
110 2 |a Secretariado General del Episcopado de Chile  |e author  |9 399332 
245 1 4 |a Los obispos de Chile hablan: el cristiano en el mundo actual y los medios de difusión 
300 |a 99 p 
942 |c BK 
945 |d 19971219 00:00:00  |a jquezada 
260 |a Santiago  |b Secretariado General del Episcopado de Chile  |c 1962 
650 0 |a Cristianismo  |9 257361 
650 7 |a MEDIOS DE DIFUSION  |2 CL-VaPUC  |9 399333 
650 0 |a Moral  |9 265913 
650 0 |a Prensa  |9 258117 
650 7 |a RADIOTELEFONIA  |2 CL-VaPUC  |9 390161 
650 0 |a Cine  |9 225706 
583 |a last modification  |c 19971219 00:00:00  |k Rodrigo Vera 
999 |c 265178  |d 265176 
952 |0 0  |1 0  |4 0  |6 240_000000000000000_SEC_1962  |7 0  |8 A  |9 296003  |a BIBTEO  |b BIBTEO  |d 2019-11-20  |i 3373541  |o 240 SEC 1962  |p 3373541  |r 2025-01-17  |w 2019-11-20  |y BK  |k ICR